| 000 | 00589nam a2200193Ia 4500 | ||
|---|---|---|---|
| 008 | 151119s9999||||xx |||||||||||||| ||und|| | ||
| 082 | _a954.02 | ||
| 082 | _bGKKV27003 | ||
| 100 | _aकाळे सुभाष | ||
| 245 | _aबंदासिह बहादूर | ||
| 260 | _aमुंबई | ||
| 260 | _bअमोद प्रकाशन | ||
| 260 | _c0 | ||
| 600 | _aकाळे सुभाष | ||
| 630 | _aबंदासिह बहादूर | ||
| 700 | _aकाळे सुभाष | ||
| 730 | _aबंदासिह बहादूर | ||
| 942 | _cBOOK | ||
| 999 |
_c1079458 _d1079455 |
||